| 000 | 02118nam a2200253Ii 4500 | ||
|---|---|---|---|
| 008 | 221202s xx 000 0 und d | ||
| 245 | 4 |
_aThe Politics of Inclusive Development : _b Interrogating the Evidence |
|
| 264 | 1 |
_aOxford, UK _bOxford University Press _c2014 |
|
| 300 | _a1 online resource (416 pages) | ||
| 336 |
_atext _btxt _2rdacontent |
||
| 337 |
_acomputer _bc _2rdamedia |
||
| 338 |
_aonline resource _bcr _2rdacarrier |
||
| 520 | _aIt is now widely accepted that politics plays a significant role in shaping the possibilities for inclusive development. However, the specific ways in which this happens across different types and forms of development, and in different contexts, remains poorly understood. This collection provides the state of the art review regarding what is currently known about the politics of inclusive development. Leading academics offer systematic reviews of how politics shapes development across multiple dimensions, including through growth, natural resource governance, poverty reduction, service delivery, social protection, justice systems, the empowerment of marginalized groups, and the role of both traditional and non-traditional donors. The book not only provides a comprehensive update but also a groundbreaking range of new directions for thinking and acting around these issues. The book’s originality thus derives not only from the wide scope of its case-study material, but also from the new conceptual approaches it offers for thinking about the politics of inclusive development, and the innovative and practical suggestions for donors, policymakers, and practitioners that flow from this. | ||
| 653 | _aCitizenship | ||
| 653 | _aInclusive Development | ||
| 653 | _aPolitics | ||
| 653 | _aRecognition | ||
| 653 | _aTransnational | ||
| 700 | 1 | _aBukenya, Badru | |
| 700 | 1 | _aHickey, Sam | |
| 700 | 1 | _aSen, Kunal | |
| 856 | _uhttps://library.oapen.org/bitstream/20.500.12657/31904/1/622850.pdfhttps://global.oup.com/academic/product/the-politics-of-inclusive-development-9780198788829http://library.oapen.org/handle/20.500.12657/31904 | ||
| 942 | _cE-BOOK | ||
| 999 |
_c66697 _d66697 |
||